00758nam a2200193Ia 450000100060000000800390000608200110004510000150005624501270007125000110019826000460020930000180025565300130027365300870028665300150037394200120038895201470040099900170054766208231109n ii |||gr||||Z||||||asm a891.41 aNath, B K. 0aBishanath Jilar Chah Jonogyotishar Lok sakalar Kathet Bhasar Ruprekha : Ati AdhyancBy Bijit Kumar NathhTextual Documents aFirst. aBishanath Chareli:bAkshas offset,c2022. a150pg:c23cm. aAssamese aBishanath Jilar Chah Jonogyotishar Lok sakalar Kathet Bhasar Ruprekha : Ati Adhyan aG-Gift Alm 2ddccBK 001040708General aSKBLbSKBLcG-Gift Almd2023-11-09f00000g200.00l0o891.41 Na 19 Bip6414/giftr2024-01-14 00:00:00t1w2023-11-09yBK c67301d67301